|
|
|
|
| LEADER |
00000nam0a2200000 4500 |
| 001 |
154630 |
| 005 |
20231101221800.0 |
| 010 |
|
|
|a 9785238009209
|
| 035 |
|
|
|a (RuTPU)RU\TPU\book\167724
|
| 090 |
|
|
|a 154630
|
| 100 |
|
|
|a 20090302d2009 m y0rusy50 ca
|
| 101 |
0 |
|
|a rus
|
| 102 |
|
|
|a RU
|
| 105 |
|
|
|a y j 000zy
|
| 200 |
1 |
|
|a Методология научного познания
|e учебное пособие
|f Г. И. Рузавин
|
| 210 |
|
|
|a Москва
|c ЮНИТИ-ДАНА
|d 2009
|
| 215 |
|
|
|a 288 с.
|
| 330 |
|
|
|a Учебное пособие посвящено проблемам методологии научного познания, в том числе классификации способов и методов, которые являются специфическими для науки и отличают ее от других способов познания, постижения реального мира. Подробно рассмотрены методы анализа существующего знания и методы научного исследования, представляющие наибольший интерес для будущих исследователей. Для студентов и аспирантов высших учебных заведений, соискателей ученой степени, а также для всех интересующихся философией науки.
|
| 606 |
1 |
|
|a Научное познание
|x Методология
|x Методы
|2 stltpush
|3 (RuTPU)RU\TPU\subj\45130
|9 64392
|
| 606 |
1 |
|
|a Научное познание
|x Функциональный подход
|x Методология
|2 stltpush
|3 (RuTPU)RU\TPU\subj\45131
|9 64393
|
| 610 |
1 |
|
|a наука
|
| 610 |
1 |
|
|a методы
|
| 610 |
1 |
|
|a методология
|
| 610 |
1 |
|
|a научная проблема
|
| 610 |
1 |
|
|a теоретические методы
|
| 610 |
1 |
|
|a научные теории
|
| 610 |
1 |
|
|a гипотезы
|
| 610 |
1 |
|
|a абдукция
|
| 610 |
1 |
|
|a научные объяснения
|
| 610 |
1 |
|
|a понимание
|
| 610 |
1 |
|
|a научное прогнозирование
|
| 610 |
1 |
|
|a экономические исследования
|
| 610 |
1 |
|
|a экономические исследования
|
| 610 |
1 |
|
|a социальные исследования
|
| 610 |
1 |
|
|a учебные пособия
|
| 610 |
1 |
|
|a эмпирические методы
|
| 610 |
1 |
|
|a наблюдение
|
| 610 |
1 |
|
|a эксперименты
|
| 610 |
1 |
|
|a измерения
|
| 610 |
1 |
|
|a научные факторы
|
| 610 |
1 |
|
|a научные законы
|
| 610 |
1 |
|
|a классификация
|
| 610 |
1 |
|
|a анализ
|
| 610 |
1 |
|
|a структура
|
| 610 |
1 |
|
|a функции
|
| 610 |
1 |
|
|a предвидение
|
| 610 |
1 |
|
|a системные методы
|
| 610 |
1 |
|
|a гуманитарные методы
|
| 686 |
|
|
|a Ю223я73
|v LBC/SL-A
|2 rubbk
|
| 686 |
|
|
|a Ю251.1я73
|v LBC/SL-A
|2 rubbk
|
| 700 |
|
1 |
|a Рузавин
|b Г. И.
|g Георгий Иванович
|
| 801 |
|
1 |
|a RU
|b 63413507
|c 20090302
|g PSBO
|
| 801 |
|
2 |
|a RU
|b 63413507
|c 20150818
|g PSBO
|
| 942 |
|
|
|c BK
|
| 959 |
|
|
|a 30/20090218
|d 2
|e 182,05
|f АНЛ:1
|f ЧЗГЛ:1
|